[Event "France Jeunes Belfort 2017"]
[Site "Belfort"]
[Date "2017.04.19"]
[Round "5.4"]
[White "Flick, Antoine"]
[Black "Seignat, Florian"]
[Result "1-0"]
[WhiteElo "2327"]
[BlackElo "2049"]
[PlyCount "191"]
[EventDate "2017.??.??"]
[TimeControl "6000+820"]
[WhiteClock "0:04:52"]
[BlackClock "0:02:25"]

1. d4 d5 2. Nf3 Nf6 3. c4 c6 4. Qc2 e6 5. g3 Nbd7 6. Bg2 Bd6 7. O-O O-O 8. Nbd2
Re8 9. Rd1 Qe7 10. e4 dxe4 11. Nxe4 Nxe4 12. Qxe4 e5 13. Bg5 f6 14. Be3 exd4
15. Qxe7 Bxe7 16. Nxd4 Ne5 17. Rac1 Bc5 18. h3 Kf7 19. Kf1 Be6 20. b3 Bxd4 21.
Rxd4 Rad8 22. Rxd8 Rxd8 23. f4 Nd7 24. Rc2 a5 25. Ke2 Ke7 26. g4 h5 27. Kf3
hxg4+ 28. hxg4 g5 29. fxg5 Ne5+ 30. Kf4 Nxg4 31. gxf6+ Kxf6 32. Bb6 Rd3 33. Be4
Rd1 34. Bxa5 Rf1+ 35. Kg3 Ne3 36. Bc3+ Ke7 37. Re2 Nf5+ 38. Kg2 Rf4 39. Be5
Rg4+ 40. Kf3 Nh4+ 41. Kf2 Ng6 42. Bg3 Nf4 43. Re1 Nh3+ 44. Kg2 Kd7 45. Bc2 Rd4
46. Rd1 Rxd1 47. Bxd1 Ng5 48. Bc2 Bf7 49. Kf2 Ne6 50. Ke3 Bh5 51. Bf5 Bf7 52.
Kd3 Kc8 53. Kc3 b6 54. Bf2 Kb7 55. Be3 Nc7 56. Be4 Ne8 57. Bf4 Nf6 58. Bf3 Be8
59. Be5 Nd7 60. Bg7 Kc7 61. Be4 Bf7 62. Bf5 Nc5 63. Bd4 Ne6 64. Be3 Nd8 65. Bg5
Ne6 66. Bf6 Nc5 67. Kd4 Ne6+ 68. Ke5 Nc5 69. Bh4 Nd7+ 70. Ke4 Nc5+ 71. Kd4 Ne6+
72. Ke5 Nc5 73. Kf6 Bh5 74. Ke7 Bf3 75. Bg3+ Kb7 76. Kd8 Be4 77. Bc8+ Ka7 78.
b4 Na6 79. Bd6 c5 80. a3 cxb4 81. axb4 Bd3 82. b5 Nb8 83. Be6 Be4 84. Kc7 Bf3
85. Kc8 Bb7+ 86. Kd8 Be4 87. Kc7 Bf3 88. Bc8 Be4 89. c5 Ka8 90. cxb6 Nd7 91.
b7+ Bxb7 92. Bxb7+ Ka7 93. Kxd7 Kxb7 94. Bc5 Ka8 95. Kc6 Kb8 96. b6 1-0

[Event "France Jeunes Belfort 2017"]
[Site "Belfort"]
[Date "2017.04.19"]
[Round "5.4"]
[White "Gao, Etienne"]
[Black "Coiffait, Pierre-Basile"]
[Result "1/2-1/2"]
[WhiteElo "2017"]
[BlackElo "2193"]
[PlyCount "130"]
[EventDate "2017.??.??"]
[TimeControl "6000+1030"]
[WhiteClock "0:06:36"]
[BlackClock "0:00:37"]

1. e4 e5 2. Nf3 Nc6 3. Nc3 Nf6 4. Bb5 Bd6 5. d3 O-O 6. O-O Re8 7. Bg5 a6 8. Bc4
h6 9. Bxf6 Qxf6 10. Nd5 Qd8 11. a4 Bc5 12. c3 d6 13. h3 Ba7 14. Re1 Ne7 15. Ne3
Ng6 16. Qb3 Rf8 17. d4 c6 18. dxe5 dxe5 19. a5 Qf6 20. Nf5 Nf4 21. Qc2 Be6 22.
Bf1 g6 23. Nxh6+ Kg7 24. Ng4 Nxh3+ 25. gxh3 Bxg4 26. hxg4 Qxf3 27. Qe2 Qf4 28.
Bg2 Rh8 29. Qf3 Qxf3 30. Bxf3 Rh3 31. Kg2 Rah8 32. Rh1 Rxh1 33. Rxh1 Rxh1 34.
Kxh1 Bxf2 35. g5 Be3 36. Bg4 b6 37. axb6 Bxb6 38. Bd7 c5 39. Kg2 Bd8 40. b4 a5
41. bxa5 Bxa5 42. c4 Bd2 43. Kf3 Bxg5 44. Kg4 Bd2 45. Bc8 Kf6 46. Bd7 Ke7 47.
Bc8 Kd8 48. Bb7 Kd7 49. Bd5 Ke7 50. Bb7 Be3 51. Bd5 f6 52. Bb7 Bf4 53. Bd5 Ke8
54. Bb7 Kd7 55. Bd5 Kc7 56. Bf7 g5 57. Be6 Kb6 58. Kf5 Ka5 59. Kxf6 Kb4 60. Kf5
Kc3 61. Kg4 Kd3 62. Bd5 Ke3 63. Bc6 Kd4 64. Bd5 Kd3 65. Kf3 Kd4 1/2-1/2

[Event "France Jeunes Belfort 2017"]
[Site "Belfort"]
[Date "2017.04.19"]
[Round "5.4"]
[White "Mars, Fiona"]
[Black "Fretel, Liza"]
[Result "0-1"]
[WhiteElo "1799"]
[BlackElo "1801"]
[PlyCount "84"]
[EventDate "2017.??.??"]
[TimeControl "6000+2055"]
[WhiteClock "0:00:41"]
[BlackClock "0:06:13"]

1. Nf3 Nf6 2. e3 g6 3. d4 c5 4. Be2 Bg7 5. O-O O-O 6. b3 cxd4 7. exd4 b6 8. Bb2
Ba6 9. Nbd2 d5 10. Re1 Re8 11. Ne5 Bxe2 12. Qxe2 e6 13. Ndf3 Ne4 14. c4 f6 15.
cxd5 exd5 16. Nd3 Nc6 17. Qd1 Rc8 18. Rc1 Qd7 19. Rc2 g5 20. Rce2 Nd6 21. Rxe8+
Rxe8 22. Rxe8+ Qxe8 23. Ba3 Nb5 24. Bb2 Qe4 25. Nde1 g4 26. Nd2 Qf4 27. g3 Qf5
28. Nc2 Qd3 29. Ne1 Qg6 30. Nc2 f5 31. Nf1 Qe6 32. Qd3 Nd6 33. Nd2 Bh6 34. Qc3
Ne7 35. Ne3 f4 36. Ng2 f3 37. Ne3 Ne4 38. Nxe4 Qxe4 39. Qc1 Qe6 40. Qc3 Qg6 41.
Qc2 Qh5 42. Bc1 Qh3 0-1

[Event "France Jeunes Belfort 2017"]
[Site "Belfort"]
[Date "2017.04.19"]
[Round "5.4"]
[White "Maugenest, Ghislain"]
[Black "Lamaze, Simon"]
[Result "1/2-1/2"]
[WhiteElo "1915"]
[BlackElo "1682"]
[PlyCount "62"]
[EventDate "2017.??.??"]
[TimeControl "6000+785"]
[WhiteClock "0:39:02"]
[BlackClock "0:52:03"]

1. d4 Nf6 2. c4 e6 3. Nf3 d5 4. Bg5 Be7 5. e3 Nbd7 6. Nc3 O-O 7. Qc2 a6 8. cxd5
exd5 9. Bd3 Re8 10. O-O Nf8 11. Rfc1 c6 12. Rab1 Ng6 13. b4 Bd6 14. Bxf6 Qxf6
15. Ne2 Bg4 16. Ne1 Qg5 17. Ng3 Bxg3 18. hxg3 h5 19. Nf3 Qf6 20. Bxg6 fxg6 21.
Ne5 Bf5 22. Nd3 h4 23. gxh4 Qxh4 24. Qd2 Kf7 25. Rb3 Rh8 26. f3 Qh2+ 27. Kf2
Qh4+ 28. Kg1 Qh2+ 29. Kf2 Qh4+ 30. Kg1 Qh2+ 31. Kf2 Qh4+ 1/2-1/2

[Event "France Jeunes Belfort 2017"]
[Site "Belfort"]
[Date "2017.04.19"]
[Round "5.4"]
[White "Randrianarimanana, Alicia"]
[Black "Sabiani, Chjara"]
[Result "1/2-1/2"]
[WhiteElo "1636"]
[BlackElo "1781"]
[PlyCount "75"]
[EventDate "2017.??.??"]
[TimeControl "6000+1000"]
[WhiteClock "0:02:31"]
[BlackClock "0:07:59"]

1. d4 Nf6 2. c4 g6 3. Nc3 Bg7 4. e4 O-O 5. Nf3 d6 6. Be2 e5 7. O-O Nc6 8. d5
Ne7 9. Ne1 Nd7 10. f3 f5 11. g4 fxg4 12. fxg4 Rxf1+ 13. Kxf1 Qf8+ 14. Kg2 a6
15. Be3 h6 16. Nd3 Nf6 17. b4 Bd7 18. c5 Qc8 19. Nf2 g5 20. Rc1 dxc5 21. bxc5
Ng6 22. Kg3 Qe8 23. Qb3 Nf4 24. Qxb7 Rb8 25. Qxc7 h5 26. h3 Rb2 27. Bxf4 exf4+
28. Kf3 hxg4+ 29. hxg4 Bxg4+ 30. Nxg4 Nxg4 31. Kxg4 Bxc3 32. Bf3 Rh2 33. Kxg5
Rh7 34. Qd6 Rg7+ 35. Kh4 Rh7+ 36. Kg5 Rg7+ 37. Kh4 Rh7+ 38. Kg5 1/2-1/2

[Event "France Jeunes Belfort 2017"]
[Site "Belfort"]
[Date "2017.04.19"]
[Round "5.5"]
[White "Bouvet, Florian"]
[Black "Jrade, Willis"]
[Result "1/2-1/2"]
[WhiteElo "2183"]
[BlackElo "2113"]
[PlyCount "129"]
[EventDate "2017.??.??"]
[TimeControl "6000+630"]
[WhiteClock "0:05:12"]
[BlackClock "0:02:47"]

1. e4 c5 2. Nf3 a6 3. g3 d6 4. Bg2 Nc6 5. d4 Bg4 6. d5 Ne5 7. Nbd2 Nf6 8. h3
Nxf3+ 9. Nxf3 Bxf3 10. Qxf3 g6 11. O-O Bg7 12. a4 O-O 13. a5 b5 14. axb6 Qxb6
15. Ra2 a5 16. Qe2 Ra7 17. f4 Nd7 18. Kh2 a4 19. Rf3 Rfa8 20. Bf1 Qc7 21. Rfa3
e6 22. dxe6 fxe6 23. Qg4 Nf8 24. Bc4 Qe7 25. b3 h5 26. Qf3 axb3 27. Qxb3 Rxa3
28. Rxa3 Rxa3 29. Bxa3 Kh7 30. Qf3 Qf6 31. e5 dxe5 32. Bxc5 exf4 33. Qxf4 Qc3
34. Qe4 Nd7 35. Be3 Nf6 36. Qd3 Qe5 37. Bf4 Qc5 38. Be3 Qe5 39. Qe2 Qd6 40. Bd3
e5 41. c4 h4 42. Bf2 hxg3+ 43. Bxg3 Qd4 44. Bc2 e4 45. c5 Qxc5 46. Bxe4 Nh5 47.
Bd3 Qg5 48. Qg4 Qd2+ 49. Qe2 Qg5 50. Qg4 Qd2+ 51. Qe2 Qg5 52. Qg4 Qh6 53. Bd6
Qd2+ 54. Qe2 Qg5 55. Bc7 Nf4 56. Bxf4 Qxf4+ 57. Kg2 Kh6 58. Qe4 Qg5+ 59. Qg4
Qd2+ 60. Qe2 Qf4 61. Qe4 Qxe4+ 62. Bxe4 g5 63. Bf5 Kh5 64. Be6 Kh4 65. Bf5
1/2-1/2

[Event "France Jeunes Belfort 2017"]
[Site "Belfort"]
[Date "2017.04.19"]
[Round "5.6"]
[White "Kern, Nicolas"]
[Black "Caloone, Thomas"]
[Result "1/2-1/2"]
[WhiteElo "2085"]
[BlackElo "2149"]
[PlyCount "128"]
[EventDate "2017.??.??"]
[TimeControl "6000+860"]
[WhiteClock "0:03:05"]
[BlackClock "0:02:31"]

1. d4 d6 2. c4 e5 3. dxe5 dxe5 4. Qxd8+ Kxd8 5. Nc3 Bb4 6. Bd2 Be6 7. a3 Bxc3
8. Bxc3 f6 9. e3 Nd7 10. Nf3 Ke8 11. Be2 Ne7 12. Nd2 Kf7 13. Bf3 Rab8 14. O-O
Nc5 15. Rac1 Rhd8 16. Rfd1 Rd7 17. b4 Na4 18. Ba1 Rd3 19. Nb1 Rxd1+ 20. Bxd1
Nb6 21. Be2 c5 22. Kf1 Nc6 23. bxc5 Na4 24. Bc3 Nxc5 25. Rd1 Na4 26. Ke1 Rc8
27. Bf3 Nb6 28. Bd5 Nxc4 29. Bxc4 Bxc4 30. Rd7+ Ke6 31. Rxb7 Nd8 32. Rb2 Bd3
33. Kd2 Bf1 34. g3 Bg2 35. Ke2 Be4 36. Bd2 Rc2 37. Rb4 Bg6 38. Nc3 Nc6 39. Rc4
Na5 40. Rb4 Nc6 41. Rc4 Kd7 42. Rc5 Rb2 43. Rb5 Rxb5 44. Nxb5 a6 45. Nc3 Kd6
46. Na4 Kd5 47. Nb2 Kc5 48. f3 Bc2 49. Bc3 Kb5 50. Kd2 Bb3 51. Kd3 a5 52. f4
exf4 53. exf4 Ne7 54. Bd4 Nc6 55. Bc3 Nd8 56. g4 Ne6 57. Ke4 Nc5+ 58. Ke3 Ne6
59. h4 Bc2 60. Kd2 Bb3 61. Ke3 Bc2 62. Kd2 Bb3 63. Ke3 Bc2 64. Kd2 Bb1 1/2-1/2

[Event "France Jeunes Belfort 2017"]
[Site "Belfort"]
[Date "2017.04.20"]
[Round "6.1"]
[White "Aubert, Estee"]
[Black "Rubsamen, Anais"]
[Result "0-1"]
[WhiteElo "1741"]
[BlackElo "1610"]
[PlyCount "134"]
[EventDate "2017.??.??"]
[TimeControl "6000+845"]
[WhiteClock "0:00:56"]
[BlackClock "0:00:43"]

1. e4 b6 2. Nf3 Bb7 3. d3 e6 4. Nbd2 Be7 5. g3 c5 6. Bg2 Nf6 7. O-O O-O 8. Re1
Nc6 9. c3 d5 10. e5 Nd7 11. Nf1 Qc7 12. d4 b5 13. Bf4 b4 14. Qc2 Rac8 15. Rec1
Qb6 16. Qd1 a5 17. Rab1 Rc7 18. Ne3 Rfc8 19. Nc2 Ba6 20. a3 b3 21. Nce1 cxd4
22. cxd4 a4 23. Be3 Qb5 24. Nd2 Na5 25. Rxc7 Rxc7 26. Bf1 Qb6 27. Bxa6 Qxa6 28.
Rc1 Rxc1 29. Qxc1 Nc4 30. Nxc4 Qxc4 31. Qd2 Bd8 32. Nd3 Bb6 33. Nc1 Nb8 34. Ne2
Nc6 35. Kf1 Kf8 36. Kg2 Qc2 37. Qc3 Qe4+ 38. f3 Qc2 39. Bd2 Ba5 40. Qxc2 bxc2
41. Bc1 Bb6 42. Kf1 Nxd4 43. Nxd4 Bxd4 44. f4 f6 45. exf6 gxf6 46. Ke2 Ke7 47.
Kd2 Bg1 48. h3 Bh2 49. Kxc2 Bxg3 50. Bd2 Kd6 51. Kd3 h5 52. Bb4+ Kc6 53. Ke3
d4+ 54. Kxd4 Bxf4 55. Kd3 Be5 56. Kc2 Kb5 57. b3 f5 58. Be1 Bd6 59. b4 Kc4 60.
Bc3 e5 61. Be1 Bc7 62. Bf2 Bd6 63. Be3 f4 64. Bc1 Bc7 65. Kd2 Bb6 66. Ke2 Kd4
67. Kf3 Kd3 0-1

[Event "France Jeunes Belfort 2017"]
[Site "Belfort"]
[Date "2017.04.20"]
[Round "6.1"]
[White "Bergougnoux, Axel"]
[Black "Viel, Simon"]
[Result "0-1"]
[WhiteElo "2194"]
[BlackElo "2220"]
[PlyCount "72"]
[EventDate "2017.??.??"]
[TimeControl "6000+960"]
[WhiteClock "0:02:08"]
[BlackClock "0:14:19"]

1. e4 e6 2. d4 d5 3. Bd3 c5 4. exd5 exd5 5. Nf3 c4 6. Be2 Nf6 7. O-O Be7 8. Ne5
O-O 9. b3 cxb3 10. axb3 Nc6 11. Be3 Qc7 12. f4 Bf5 13. c4 Nb4 14. Na3 Ne4 15.
Nb5 Qd8 16. Bf3 a6 17. Na3 f6 18. Ng4 Re8 19. Bf2 Bd6 20. g3 h5 21. Ne3 Nxf2
22. Kxf2 Nd3+ 23. Kg2 Rxe3 24. Bxd5+ Kh8 25. Qxh5+ Bh7 26. Nc2 Qe8 27. Bf7 Qe4+
28. Kh3 Qf5+ 29. Qg4 Re2 30. Qxf5 Bxf5+ 31. g4 Nxf4+ 32. Rxf4 Bxc2 33. Raf1
Bxf4 34. Rxf4 g5 35. Rxf6 Kg7 36. Rf3 Be4 0-1

[Event "France Jeunes Belfort 2017"]
[Site "Belfort"]
[Date "2017.04.20"]
[Round "6.1"]
[White "Candelot, Clement"]
[Black "Papadiamandis, Elliot"]
[Result "1-0"]
[WhiteElo "1839"]
[BlackElo "1944"]
[PlyCount "73"]
[EventDate "2017.??.??"]
[TimeControl "6000+1025"]
[WhiteClock "0:06:22"]
[BlackClock "0:01:30"]

1. e4 c5 2. Nf3 d6 3. Bb5+ Bd7 4. Bxd7+ Qxd7 5. c4 Nc6 6. Nc3 Nf6 7. d4 cxd4 8.
Nxd4 g6 9. O-O Bg7 10. Re1 O-O 11. f3 Rac8 12. Nde2 Na5 13. b3 a6 14. a4 b6 15.
Be3 Qb7 16. Rb1 Nc6 17. Qd2 Rfd8 18. Nf4 e6 19. Red1 Nd7 20. Nh3 Nc5 21. Kh1
Ne7 22. Bg5 Rc7 23. Nf2 h5 24. Bf4 Rcd7 25. b4 Bxc3 26. Qxc3 Nxa4 27. Qf6 Kh7
28. Qxf7+ Kh8 29. Rxd6 Nc6 30. Rxd7 Qxd7 31. Qxg6 Nc3 32. Qxh5+ Kg8 33. Re1 Qd4
34. Ng4 Rd7 35. Qg6+ Rg7 36. Nf6+ Kh8 37. Qh6+ {Qd8} 1-0

[Event "France Jeunes Belfort 2017"]
[Site "Belfort"]
[Date "2017.04.20"]
[Round "6.1"]
[White "Fretel, Liza"]
[Black "Retailleau, Elise"]
[Result "0-1"]
[WhiteElo "1801"]
[BlackElo "1946"]
[PlyCount "84"]
[EventDate "2017.??.??"]
[TimeControl "6000+1050"]
[WhiteClock "0:08:28"]
[BlackClock "0:04:06"]

1. e4 c5 2. Nc3 Nc6 3. g3 g6 4. Bg2 Bg7 5. d3 d6 6. Be3 e5 7. Qd2 Nge7 8. Bh6
Bxh6 9. Qxh6 Nd4 10. Qd2 Be6 11. Nd1 b5 12. c3 Ndc6 13. Nh3 f6 14. Qh6 Qd7 15.
Ne3 Ng8 16. Qh4 h5 17. f4 Nce7 18. f5 gxf5 19. exf5 Bxf5 20. g4 Ng6 21. Qf2
Bxg4 22. Bxa8 Bxh3 23. Qf3 Bg4 24. Nxg4 hxg4 25. Qf2 Nf4 26. O-O-O d5 27. Qxc5
Ne7 28. Qa3 Kf7 29. Bxd5+ Qxd5 30. Qb3 Rh3 31. Kc2 Qxb3+ 32. axb3 Ned5 33. Rd2
g3 34. c4 Ne3+ 35. Kc3 g2 36. Ra1 Rxh2 37. Rxa7+ Kg6 38. Ra8 Kf5 39. Rg8 Ng4
40. Rxg2 Rxg2 41. cxb5 Nd5+ 42. Kc4 Nge3+ 0-1

[Event "France Jeunes Belfort 2017"]
[Site "Belfort"]
[Date "2017.04.20"]
[Round "6.1"]
[White "Nguyen, Thao Nhi"]
[Black "Sumarriva Paulin, Laura"]
[Result "0-1"]
[WhiteElo "1691"]
[BlackElo "1521"]
[PlyCount "84"]
[EventDate "2017.??.??"]
[TimeControl "6000+860"]
[WhiteClock "0:17:46"]
[BlackClock "0:11:28"]

1. e4 e6 2. d4 d5 3. exd5 exd5 4. Nf3 Nf6 5. Bg5 Be7 6. Bd3 Bg4 7. O-O O-O 8.
Nbd2 c6 9. c3 Nbd7 10. Qc2 h6 11. Bh4 Rc8 12. Ne5 c5 13. Nxg4 Nxg4 14. Bxe7
Qxe7 15. dxc5 Rxc5 16. Bf5 Ngf6 17. Nb3 Rc7 18. Rfe1 Qd8 19. Nd4 a6 20. Rad1
Re8 21. Qd2 Ne5 22. b3 Nc6 23. Ne2 b5 24. Nf4 Rxe1+ 25. Rxe1 d4 26. Rd1 g6 27.
Bb1 Rd7 28. c4 bxc4 29. bxc4 Ne5 30. Qe2 Qc7 31. Rc1 Re7 32. Qc2 Nf3+ 33. gxf3
Qxf4 34. Qd1 Re5 35. h3 Rh5 36. Qf1 Qxf3 37. Kh2 Rxh3+ 38. Qxh3 Ng4+ 39. Qxg4
Qxg4 40. Re1 Qh4+ 41. Kg2 Qg5+ 42. Kf1 h5 0-1

[Event "France Jeunes Belfort 2017"]
[Site "Belfort"]
[Date "2017.04.20"]
[Round "6.1"]
[White "Philippe, Guillaume"]
[Black "Midy, Robin"]
[Result "1-0"]
[WhiteElo "2307"]
[BlackElo "2137"]
[PlyCount "81"]
[EventDate "2017.??.??"]
[TimeControl "6000+740"]
[WhiteClock "0:07:58"]
[BlackClock "0:00:32"]

1. Nf3 c5 2. e3 g6 3. d4 Bg7 4. dxc5 Qa5+ 5. c3 Qxc5 6. b4 Qc7 7. Bb2 d6 8.
Nbd2 Nc6 9. Rc1 Nf6 10. Be2 O-O 11. a3 a5 12. O-O Bf5 13. b5 Nb8 14. Nd4 Bc8
15. c4 Nbd7 16. N4b3 Nc5 17. Bc3 Nfd7 18. Nd4 e5 19. N4b3 Nxb3 20. Nxb3 Nc5 21.
Nxc5 dxc5 22. Bf3 Be6 23. Qa4 f5 24. b6 Qf7 25. Bd5 Rfd8 26. Bxe6 Qxe6 27. Qb5
Qe8 28. Qxc5 Bf8 29. Qxe5 Qxe5 30. Bxe5 Bxa3 31. Ra1 Bc5 32. Rfb1 Ra6 33. Bc7
Rd2 34. Rb5 Bf8 35. Rd5 Rc2 36. Rd8 Kf7 37. Rb8 a4 38. Rxb7 a3 39. Ra7 Bg7 40.
Rf1 Rxb6 41. Bxb6+ 1-0

[Event "France Jeunes Belfort 2017"]
[Site "Belfort"]
[Date "2017.04.20"]
[Round "6.1"]
[White "Rollot, Florence"]
[Black "Conti, Anne-Marie"]
[Result "0-1"]
[WhiteElo "1973"]
[BlackElo "1712"]
[PlyCount "116"]
[EventDate "2017.??.??"]
[TimeControl "6000+1770"]
[WhiteClock "0:01:27"]
[BlackClock "0:07:02"]

1. d4 d5 2. g3 e6 3. Bg2 Nf6 4. Bf4 Nbd7 5. Nf3 c5 6. c3 cxd4 7. cxd4 Bb4+ 8.
Nbd2 O-O 9. O-O Nh5 10. Be3 Bd6 11. Nb3 f5 12. Nc5 Qe7 13. Nxe6 Qxe6 14. Ng5
Qg6 15. Bxd5+ Kh8 16. Qb3 h6 17. Nf7+ Kh7 18. Bd2 a5 19. e4 fxe4 20. Rae1 a4
21. Qb5 Ndf6 22. Nxd6 Nxd5 23. Nxc8 Nc7 24. Qxb7 Rfxc8 25. Qxe4 Qxe4 26. Rxe4
Nf6 27. Re5 Ncd5 28. Rd1 Rc2 29. Bc1 Rac8 30. Ree1 Nb4 31. a3 Na2 32. Bf4 Rxb2
33. h3 Rcc2 34. Rf1 Ne4 35. Be3 Nxg3 36. Rfe1 Ne4 37. Bc1 Nxf2 38. Bxb2 Nxh3+
39. Kh1 Nf2+ 40. Kg1 Nxd1 41. Rxd1 Rxb2 42. d5 Rb7 43. Kf2 Rd7 44. Rd3 Nc1 45.
Rd4 Nb3 46. Rd1 Kg6 47. Ke3 Kf5 48. Rg1 Na5 49. Kd4 Nb3+ 50. Kc4 Nd2+ 51. Kc5
Ne4+ 52. Kb4 g6 53. Kxa4 Rxd5 54. Kb4 h5 55. a4 Rd4+ 56. Ka5 Nc5 57. Rf1+ Rf4
58. Rh1 Ke5 0-1

[Event "France Jeunes Belfort 2017"]
[Site "Belfort"]
[Date "2017.04.19"]
[Round "6.1"]
[White "Vernet, Solene"]
[Black "Parlas, Helin"]
[Result "1-0"]
[WhiteElo "1863"]
[BlackElo "1606"]
[PlyCount "55"]
[EventDate "2017.??.??"]
[TimeControl "6000+1930"]
[WhiteClock "0:54:05"]
[BlackClock "0:16:28"]

1. d4 Nf6 2. c4 g6 3. g3 Bg7 4. Bg2 O-O 5. Nf3 d6 6. O-O Nbd7 7. Qc2 e5 8. e3
Re8 9. Nc3 c6 10. dxe5 dxe5 11. Rd1 Qc7 12. a4 a5 13. b3 Nc5 14. Ba3 Bf5 15.
Qb2 Nd3 16. Qe2 e4 17. Nd4 Ng4 18. Rf1 h5 19. Rad1 Bxd4 20. exd4 e3 21. f3 Ngf2
22. Ne4 Kg7 23. Rxd3 Nxd3 24. Qxd3 Rad8 25. Bb2 g5 26. Qxe3 f6 27. d5 cxd5 28.
Qxg5+ 1-0

[Event "France Jeunes Belfort 2017"]
[Site "Belfort"]
[Date "2017.04.20"]
[Round "6.1"]
[White "Viennot, Dylan"]
[Black "Tahay, Alexis"]
[Result "0-1"]
[WhiteElo "2263"]
[BlackElo "2239"]
[PlyCount "102"]
[EventDate "2017.??.??"]
[TimeControl "6000+1235"]
[WhiteClock "0:01:13"]
[BlackClock "0:06:00"]

1. e4 c5 2. Nc3 Nc6 3. Nf3 d6 4. Bb5 Bd7 5. Bxc6 Bxc6 6. d4 cxd4 7. Qxd4 e5 8.
Qd3 h6 9. Be3 Nf6 10. h3 Be7 11. O-O-O O-O 12. Nh2 Qc8 13. f4 exf4 14. Bxf4 b5
15. Nf3 Re8 16. Nd5 Bxd5 17. exd5 Bf8 18. Rhf1 Qc5 19. Nd4 Qxd5 20. Qb3 a6 21.
Qxd5 Nxd5 22. Nf5 Nxf4 23. Rxf4 Re2 24. Rg4 g6 25. a4 h5 26. Rg3 Rf2 27. Nxd6
Rd8 28. Rgd3 Rxg2 29. axb5 Rxd6 30. Rxd6 Bxd6 31. Rxd6 axb5 32. Rd5 f5 33. Rxb5
f4 34. Rb3 g5 35. Kd1 g4 36. hxg4 hxg4 37. Ke1 Kh7 38. c4 Rc2 39. Rb5 Kg6 40.
c5 g3 41. Rb8 Kf5 42. Kf1 Rxc5 43. b4 Rc1+ 44. Kg2 Rc2+ 45. Kf1 Ke4 46. Ra8 Rb2
47. Ra4 Kf3 48. Ra3+ Kg4 49. Ra1 f3 50. b5 Rxb5 51. Kg1 Kh3 0-1

[Event "France Jeunes Belfort 2017"]
[Site "Belfort"]
[Date "2017.04.20"]
[Round "6.1"]
[White "Zachary, Matheo"]
[Black "Degraeve, Remy"]
[Result "1/2-1/2"]
[WhiteElo "2267"]
[BlackElo "2126"]
[PlyCount "132"]
[EventDate "2017.??.??"]
[TimeControl "6000+1070"]
[WhiteClock "0:02:41"]
[BlackClock "0:03:04"]

1. e4 d6 2. d4 Nf6 3. Nc3 g6 4. Bg5 Bg7 5. e5 Nfd7 6. exd6 cxd6 7. Nf3 h6 8.
Be3 Nc6 9. h4 a6 10. a4 Nf6 11. d5 Ne5 12. Nxe5 dxe5 13. Be2 b6 14. O-O Bb7 15.
Bf3 O-O 16. Qd2 Kh7 17. Rfd1 Ne8 18. Ra3 Nd6 19. Be2 Nf5 20. Bf1 Rc8 21. Ne2
Nxe3 22. Rxe3 Rc5 23. Nc3 f5 24. d6 e6 25. d7 e4 26. Qd6 Rc6 27. Qd2 Be5 28. g3
Rd6 29. Qc1 Qxd7 30. Ree1 Bxc3 31. bxc3 Rd8 32. Rxd6 Qxd6 33. Qe3 Qc6 34. Rb1
Rd6 35. a5 b5 36. c4 bxc4 37. Rb6 Qc7 38. Bxc4 Rxb6 39. Qxb6 Qxb6 40. axb6 Kg7
41. Bxe6 Kf6 42. Bb3 Ke5 43. Kf1 Kd4 44. Ke2 a5 45. Kd2 Kc5 46. Bf7 g5 47. hxg5
hxg5 48. Be6 f4 49. gxf4 gxf4 50. Kc3 Kxb6 51. Kc4 a4 52. Kb4 Bc6 53. Bc4 Kc7
54. Kc5 Be8 55. c3 Kd7 56. Kd4 Ke7 57. Kxe4 Bf7 58. Bxf7 Kxf7 59. Kd3 Ke6 60.
Kc4 f3 61. Kb4 Kd5 62. c4+ Kd4 63. c5 Kd5 64. Kxa4 Kxc5 65. Kb3 Kd4 66. Kc2 Ke5
1/2-1/2

[Event "France Jeunes Belfort 2017"]
[Site "Belfort"]
[Date "2017.04.20"]
[Round "6.2"]
[White "Afraoui, Anaelle"]
[Black "Chachiachvili, Mariam"]
[Result "1-0"]
[WhiteElo "1977"]
[BlackElo "1694"]
[PlyCount "116"]
[EventDate "2017.??.??"]
[TimeControl "6000+1340"]
[WhiteClock "0:05:43"]
[BlackClock "0:04:54"]

1. e4 e5 2. Nf3 Nc6 3. d4 exd4 4. Nxd4 Nf6 5. Nc3 Bb4 6. Nxc6 bxc6 7. Bd3 Qe7
8. O-O O-O 9. h3 Re8 10. Bd2 Bb7 11. Re1 Qc5 12. a3 Bxc3 13. Bxc3 Qe7 14. Qf3
c5 15. Qf5 c4 16. e5 cxd3 17. exf6 Qd6 18. cxd3 g6 19. Qg4 Bc6 20. Qh4 Qd5 21.
f3 Qc5+ 22. Kh1 h5 23. Qf4 Qd6 24. Qg5 Kh7 25. Bd2 Qf8 26. Re7 Rab8 27. Rae1 d6
28. Qf4 Rxe7 29. fxe7 Qg7 30. Bc3 Qg8 31. Qf6 g5 32. Bd2 Rb5 33. e8=Q Bxe8 34.
Re7 Qg6 35. Qxg6+ Kxg6 36. Rxe8 Rxb2 37. Bc1 Rc2 38. Re1 Rc3 39. d4 Rd3 40. Bb2
Rd2 41. Bc3 Rd3 42. Rc1 Kf5 43. Kg1 Re3 44. Kf2 Re8 45. Bb4 Re7 46. Ba5 Ke6 47.
Rxc7 Rxc7 48. Bxc7 Kd5 49. Ke3 f5 50. Bd8 g4 51. hxg4 hxg4 52. fxg4 fxg4 53.
Kd3 Kc6 54. Ke4 Kb5 55. Be7 Kc6 56. Kf4 Kd5 57. Kxg4 Kxd4 58. Bxd6 Kd5 1-0

[Event "France Jeunes Belfort 2017"]
[Site "Belfort"]
[Date "2017.04.20"]
[Round "6.2"]
[White "Diez, Agathe"]
[Black "Bellahcene, Sofia"]
[Result "0-1"]
[WhiteElo "1404"]
[BlackElo "1699"]
[PlyCount "113"]
[EventDate "2017.??.??"]
[TimeControl "6000+565"]
[WhiteClock "0:23:09"]
[BlackClock "0:38:35"]

1. e4 c5 2. Nf3 Nc6 3. d4 cxd4 4. Nxd4 g6 5. Nc3 Bg7 6. Nb3 Nf6 7. Be2 O-O 8.
O-O d6 9. Re1 Be6 10. Bf1 Nd7 11. Bg5 Bxc3 12. bxc3 f6 13. Bd2 Nde5 14. Nd4 Bf7
15. a3 Qd7 16. Rb1 Nc4 17. Bxc4 Bxc4 18. Qf3 Ne5 19. Qg3 Ba6 20. Nb3 Rac8 21.
Ra1 b6 22. Bf4 Qc6 23. Bxe5 dxe5 24. Re3 Qa4 25. f3 Bc4 26. Qf2 Bxb3 27. cxb3
Qxb3 28. Qa2 Qxa2 29. Rxa2 Rc4 30. a4 Rfc8 31. Ra3 R8c5 32. Rd3 Ra5 33. Rd8+
Kg7 34. Rd7 Kf7 35. Rd8 Rcxa4 36. Rxa4 Rxa4 37. Ra8 b5 38. Rb8 a6 39. Ra8 Ra2
40. h3 h5 41. h4 a5 42. Rb8 Rb2 43. Kh2 Rb3 44. Rb6 a4 45. Rb7 a3 46. Rb6 a2
47. Ra6 Rxc3 48. Rxa2 Rc6 49. Rb2 Rb6 50. Rb4 Ke6 51. Kh3 Kd6 52. g4 Kc5 53.
Rb1 b4 54. Kg3 Kd4 55. Kh3 b3 56. Kg3 b2 57. Kg2 0-1

[Event "France Jeunes Belfort 2017"]
[Site "Belfort"]
[Date "2017.04.20"]
[Round "6.2"]
[White "Djidjeli, Sarah"]
[Black "Thomas, Amaryllis"]
[Result "1-0"]
[WhiteElo "1934"]
[BlackElo "1695"]
[PlyCount "77"]
[EventDate "2017.??.??"]
[TimeControl "6000+1000"]
[WhiteClock "0:35:40"]
[BlackClock "0:26:58"]

1. e4 e5 2. Nf3 Nc6 3. Nc3 Nf6 4. d4 exd4 5. Nxd4 Bb4 6. Nxc6 bxc6 7. Bd3 d5 8.
exd5 cxd5 9. O-O O-O 10. Bg5 c6 11. Qf3 Be7 12. Rae1 Be6 13. Na4 Qa5 14. b3 c5
15. Bf5 Ne4 16. Bxe7 Nd2 17. Bxh7+ Kxh7 18. Qh5+ Kg8 19. Bxf8 Rxf8 20. Re3 Nxf1
21. Kxf1 Re8 22. Qe2 d4 23. Re5 Rc8 24. Rxe6 fxe6 25. Qxe6+ Kh7 26. Qf5+ g6 27.
Qxc8 Qd2 28. Qh3+ Kg7 29. Qd3 Qc1+ 30. Ke2 Qg5 31. Qg3 Qe7+ 32. Kd2 c4 33. Qf4
Qd8 34. Qe5+ Kh6 35. bxc4 Qh4 36. Qh8+ Kg5 37. Qxh4+ Kxh4 38. c5 g5 39. c6 1-0

[Event "France Jeunes Belfort 2017"]
[Site "Belfort"]
[Date "2017.04.20"]
[Round "6.2"]
[White "Donias, Orlane"]
[Black "Lomandong, Noela-Joyce"]
[Result "0-1"]
[WhiteElo "1729"]
[BlackElo "1987"]
[PlyCount "56"]
[EventDate "2017.??.??"]
[TimeControl "6000+625"]
[WhiteClock "0:09:51"]
[BlackClock "0:42:23"]

1. d4 f5 2. Nf3 Nf6 3. c4 e6 4. g3 Be7 5. Bg2 O-O 6. O-O d6 7. Nc3 Qe8 8. Re1
Qh5 9. e4 fxe4 10. Nxe4 Nxe4 11. Rxe4 Nc6 12. Re1 Qf5 13. Be3 Bd7 14. Nd2 Qf6
15. Ne4 Qg6 16. Bf4 Rad8 17. Rc1 e5 18. dxe5 dxe5 19. Be3 Bh3 20. Nd2 Bxg2 21.
Kxg2 Nb4 22. Rf1 Nd3 23. Rb1 Nf4+ 24. Bxf4 exf4 25. f3 fxg3 26. hxg3 Bd6 27. g4
Bf4 28. Qb3 Rxd2+ 0-1